UBT Library

The Pantheon story of art for young people / (Record no. 47377)

000 -LEADER
fixed length control field 00562pam a2200229 i 4500
001 - CONTROL NUMBER
control field 2679088
005 - DATE AND TIME OF LATEST TRANSACTION
control field 20180829040820.0
008 - FIXED-LENGTH DATA ELEMENTS--GENERAL INFORMATION
fixed length control field 741121s1975 nyua j 000 0 eng
010 ## - LIBRARY OF CONGRESS CONTROL NUMBER
LC control number 74024717
020 ## - INTERNATIONAL STANDARD BOOK NUMBER
International Standard Book Number 0394831071
040 ## - CATALOGING SOURCE
Original cataloging agency DLC
Transcribing agency DLC
Modifying agency DLC
041 ## - LANGUAGE CODE
Language code of text/sound track or separate title eng
042 ## - AUTHENTICATION CODE
Authentication code lcac
080 ## - UNIVERSAL DECIMAL CLASSIFICATION NUMBER
Universal Decimal Classification number 709
082 00 - DEWEY DECIMAL CLASSIFICATION NUMBER
Classification number 709
100 1# - Rafti
Rafti 7
101 ## - Shkurtesa
Shkurtesa art
245 14 - TITLE STATEMENT
Title The Pantheon story of art for young people /
Statement of responsibility, etc Ariane Ruskin Batterberry.
740 ## - ADDED ENTRY--UNCONTROLLED RELATED/ANALYTICAL TITLE
Uncontrolled related/analytical title Story of art.
906 ## - LOCAL DATA ELEMENT F, LDF (RLIN)
a 7
b cbc
c orignew
d u
e ocip
f 19
g y-gencatlg
942 ## - ADDED ENTRY ELEMENTS (KOHA)
Source of classification or shelving scheme
Item type Books
Holdings
Withdrawn status Lost status Source of classification or shelving scheme Damaged status Not for loan Collection code Permanent location Current location Shelving location Date acquired Total Checkouts Full call number Barcode Date last seen Price effective from Koha item type
          Koleksioni i përgjithshem UBT - Lipjan UBT - Lipjan Koleksioni i përgjithshem 08/29/2018   709 rus 002-3011972 08/29/2018 08/29/2018 Books
UBT Library © 2015-2024. All rights reserved University Education for Business and Technology